Structural analysis of laminated anisotropic plates / (Record no. 546661)
[ view plain ]
| 000 -LEADER | |
|---|---|
| fixed length control field | 00865cam a2200205 a 4500 |
| 020 ## - INTERNATIONAL STANDARD BOOK NUMBER | |
| International Standard Book Number | 0877625182 |
| 082 00 - DEWEY DECIMAL CLASSIFICATION NUMBER | |
| Classification number | 624.171 |
| Author Mark | WHI |
| -- | L-20, P-198 |
| 100 1# - MAIN ENTRY--PERSONAL NAME | |
| Personal name | Whitney, James Martin, |
| 9 (RLIN) | 42846 |
| 245 10 - TITLE STATEMENT | |
| Title | Structural analysis of laminated anisotropic plates / |
| Statement of responsibility, etc. | James M. Whitney. |
| 260 ## - PUBLICATION, DISTRIBUTION, ETC. | |
| Place of publication, distribution, etc. | Lancaster, Pa., U.S.A. : |
| Name of publisher, distributor, etc. | Technomic Pub. Co., |
| Date of publication, distribution, etc. | c1987. |
| 300 ## - PHYSICAL DESCRIPTION | |
| Extent | xii, 342 p. : |
| Other physical details | ill. ; |
| Dimensions | 24 cm. |
| 500 ## - GENERAL NOTE | |
| General note | "Laminated plate calculations (LAMPCAL--users' guide)": p. 329-338. |
| 500 ## - GENERAL NOTE | |
| General note | "Revision and major expansion of Theory of laminated plates, by J.E. Ashton and J.M. Whitney published in 1970"--Pref. |
| 526 ## - STUDY PROGRAM INFORMATION NOTE | |
| Program name | 0 |
| Interest level | 0 |
| Reading level | 0 |
| Title point value | 624_171000000000000_WHI |
| 650 #0 - SUBJECT ADDED ENTRY--TOPICAL TERM | |
| Topical term or geographic name entry element | Laminated materials. |
| 9 (RLIN) | 41192 |
| 650 #0 - SUBJECT ADDED ENTRY--TOPICAL TERM | |
| Topical term or geographic name entry element | Plates (Engineering) |
| 700 1# - ADDED ENTRY--PERSONAL NAME | |
| Personal name | Ashton, J. E. |
| 9 (RLIN) | 42847 |
| 856 42 - ELECTRONIC LOCATION AND ACCESS | |
| Uniform Resource Identifier | <a href="http://www.loc.gov/catdir/enhancements/fy0646/87050430-d.html">http://www.loc.gov/catdir/enhancements/fy0646/87050430-d.html</a> |
| 942 ## - ADDED ENTRY ELEMENTS (KOHA) | |
| Source of classification or shelving scheme | |
| Koha item type | Book |
| Withdrawn status | Lost status | Source of classification or shelving scheme | Damaged status | Not for loan | Permanent Location | Current Location | Date acquired | Total Checkouts | Full call number | Barcode | Date last seen | Price effective from | Koha item type |
|---|---|---|---|---|---|---|---|---|---|---|---|---|---|
| Military College of Engineering (MCE) | Military College of Engineering (MCE) | 06/17/2014 | 624.171 WHI | MCE-27872 | 06/17/2014 | 06/17/2014 | Book |
